| 000 | 00000cas 2200000zi 4500 |
| 001 | 9.962187 |
| 003 | CaOODSP |
| 005 | 20260513095535 |
| 006 | m o d f |
| 007 | cr cn |||||||| |
| 008 | 260424d19931997qucmr p o f0 0eng|d |
| 040 | |aCaOODSP|beng|erda|cCaOODSP |
| 043 | |an-cn---|an-cn-qu |
| 086 | 1 |aIu90-2/1E-PDF |
| 245 | 04|aThe FORD(Q) economic update. |
| 246 | 3 |aFORD (Q) economic update |
| 246 | 3 |aFederal Office of Regional Development (Québec) economic update |
| 264 | 1|aMontreal, Quebec : |bFederal Office of Regional Development (Québec) = Bureau fédéral de développement régional (Québec), |c[1993-1997] |
| 310 | |aMonthly |
| 336 | |atext|btxt|2rdacontent |
| 337 | |acomputer|bc|2rdamedia |
| 338 | |aonline resource|bcr|2rdacarrier |
| 362 | 1 |aBegan with: Volume 5, number 1 (January 11, 1993); ceased with: Volume 9, number 5 (May 1997). |
| 500 | |aIssued also in French under title: L'informateur économique du BFDR(Q). |
| 500 | |aDigitized publication from print [produced by Innovation, Science and Economic Development Canada]. |
| 588 | |aDescription based on: Volume 5, number 1 (January 11, 1993); title from PDF caption. |
| 588 | |aLatest issue consulted: Volume 9, number 5 (May 1997). |
| 610 | 20|aFederal Office of Regional Development (Quebec) (Canada)|vPeriodicals. |
| 651 | 0|aQuébec (Province)|xEconomic conditions|vPeriodicals. |
| 655 | 7|aPeriodicals|2lcgft |
| 710 | 2 |aFederal Office of Regional Development (Quebec) (Canada), |eissuing body. |
| 775 | 08|tL'informateur économique du BFDR(Q).|w(CaOODSP)9.962186 |